Online
Catalog

El cometa de Nostradamus : (Record no. 13432)

MARC details
000 -CABECERA
campo de control de longitud fija 00788nam a2200229 a 4500
001 - NÚMERO DE CONTROL
campo de control 000013820
005 - FECHA Y HORA DE LA ÚLTIMA TRANSACCIÓN
campo de control 20200929163348.0
008 - DATOS DE LONGITUD FIJA--INFORMACIÓN GENERAL
campo de control de longitud fija 091130s2001 xxuab 001 0 spa d
020 ## - NÚMERO INTERNACIONAL ESTÁNDAR DEL LIBRO
Número Internacional Estándar del Libro 1567188265
040 ## - FUENTE DE LA CATALOGACIÓN
Centro catalogador/agencia de origen DO-SdBNP
Lengua de catalogación spa
Centro/agencia transcriptor BNPHU
082 ## - NÚMERO DE LA CLASIFICACIÓN DECIMAL DEWEY
Número de clasificación xxxx
Número de documento/Ítem W439c
049 ## - FONDOS LOCALES (OCLC)
Fondos de biblioteca BNPD
100 1# - ENTRADA PRINCIPAL--NOMBRE DE PERSONA
Nombre de persona Welch, R. W.
9 (RLIN) 31312
245 13 - MENCIÓN DE TÍTULO
Título El cometa de Nostradamus :
Resto del título agosto 2004 !impacto! /
Mención de responsabilidad, etc. R. W. Welch ; traductor Héctor Ramírez, Edgar Rojas.
260 ## - PUBLICACIÓN, DISTRIBUCIÓN, ETC.
Lugar de publicación, distribución, etc. Estados Unidos, :
Nombre del editor, distribuidor, etc. Llewellyn,
Fecha de publicación, distribución, etc. 2001.
300 ## - DESCRIPCIÓN FÍSICA
Extensión xv, 270 P. :
Otras características físicas il., map. ;
Dimensiones 23 cm.
500 ## - NOTA GENERAL
Nota general Incluye índice
500 ## - NOTA GENERAL
Nota general Incluye referencias bibliográficas y notas al pie de las páginas
504 ## - NOTA DE BIBLIOGRAFÍA, ETC.
Nota de bibliografía, etc. Incluye bibliografía (p. 257-258)
700 1# - PUNTO DE ACCESO ADICIONAL--NOMBRE DE PERSONA
Nombre de persona Ramírez, Héctor
Término indicativo de función/relación tr.
9 (RLIN) 31313
700 1# - PUNTO DE ACCESO ADICIONAL--NOMBRE DE PERSONA
Nombre de persona Rojas, Edgar
Término indicativo de función/relación tr.
9 (RLIN) 31314
Holdings
Estado de retiro Estado de pérdida Restricciones de uso No para préstamo Código de colección Localización permanente Ubicación/localización actual Ubicación en estantería Fecha de adquisición Número de inventario Total de préstamos Signatura topográfica completa Código de barras Fecha visto por última vez Precio válido a partir de Tipo de ítem Koha
      Excluido de préstamo Monografías: Libros y Folletos General General En catalogación 30.11.2009 LF1   xxxx W439c 13820-10 25.06.2020 25.06.2020 No se presta

Powered by Koha